<?xml version="1.0" encoding="UTF-8"?>
<collection xmlns="http://www.loc.gov/MARC21/slim">
<record>
  <controlfield tag="001">135728</controlfield>
  <controlfield tag="005">20240614091947.0</controlfield>
  <datafield tag="024" ind1="7" ind2=" ">
    <subfield code="2">doi</subfield>
    <subfield code="a">10.4000/lengas.7393</subfield>
  </datafield>
  <datafield tag="024" ind1="8" ind2=" ">
    <subfield code="2">sideral</subfield>
    <subfield code="a">138753</subfield>
  </datafield>
  <datafield tag="037" ind1=" " ind2=" ">
    <subfield code="a">ART-2023-138753</subfield>
  </datafield>
  <datafield tag="041" ind1=" " ind2=" ">
    <subfield code="a">fra</subfield>
  </datafield>
  <datafield tag="100" ind1=" " ind2=" ">
    <subfield code="a">Campos Bandrés, Iris Orosia</subfield>
    <subfield code="u">Universidad de Zaragoza</subfield>
    <subfield code="0">(orcid)0000-0003-2039-031X</subfield>
  </datafield>
  <datafield tag="245" ind1=" " ind2=" ">
    <subfield code="a">Aperçu de la situation de l’enseignement de l’aragonais à travers les voix de ses protagonistes</subfield>
  </datafield>
  <datafield tag="260" ind1=" " ind2=" ">
    <subfield code="c">2023</subfield>
  </datafield>
  <datafield tag="520" ind1="3" ind2=" ">
    <subfield code="a">Bien que l’année scolaire 2022/2023 ait marqué un quart de siècle de l’entrée de l’aragonais dans les écoles du territoire de Huesca, la situation de cette langue dans le contexte scolaire est encore loin de se rapprocher de la normalisation éducative. À partir des recherches menées au cours de la dernière décennie par le groupe ECOLIJ (Educación Comunicativa y Literaria en la Sociedad de la Información. Literatura Infantil y Juvenil en la construcción de identidades) de l’Université de Saragosse, ce travail présente un état des lieux de la situation de la langue aragonaise dans les cycles de l’éducation de la petite enfance, de l’enseignement primaire, secondaire et du baccalauréat, en s’appuyant sur les voix de différents agents de la communauté éducative. Les recherches examinées font apparaître une situation complexe caractérisée par le faible impact de l’enseignement scolaire sur la création de néo-locuteurs et la pertinence des facteurs liés au contact avec la langue aragonaise dans la construction d’attitudes et de représentations favorables à l’égard de celle-ci et de son enseignement.</subfield>
  </datafield>
  <datafield tag="506" ind1="0" ind2=" ">
    <subfield code="a">Access copy available to the general public</subfield>
    <subfield code="f">Unrestricted</subfield>
  </datafield>
  <datafield tag="540" ind1=" " ind2=" ">
    <subfield code="9">info:eu-repo/semantics/openAccess</subfield>
    <subfield code="a">by-nc-nd</subfield>
    <subfield code="u">http://creativecommons.org/licenses/by-nc-nd/3.0/es/</subfield>
  </datafield>
  <datafield tag="655" ind1=" " ind2="4">
    <subfield code="a">info:eu-repo/semantics/article</subfield>
    <subfield code="v">info:eu-repo/semantics/publishedVersion</subfield>
  </datafield>
  <datafield tag="700" ind1=" " ind2=" ">
    <subfield code="a">Tabernero Sala, Rosa</subfield>
    <subfield code="u">Universidad de Zaragoza</subfield>
    <subfield code="0">(orcid)0000-0002-2332-5807</subfield>
  </datafield>
  <datafield tag="710" ind1="2" ind2=" ">
    <subfield code="1">4013</subfield>
    <subfield code="2">195</subfield>
    <subfield code="a">Universidad de Zaragoza</subfield>
    <subfield code="b">Dpto. Didácticas Específicas</subfield>
    <subfield code="c">Área Didáctica Lengua y Liter.</subfield>
  </datafield>
  <datafield tag="773" ind1=" " ind2=" ">
    <subfield code="g">94 (2023), [18 pp.]</subfield>
    <subfield code="p">Lengas</subfield>
    <subfield code="t">Lengas</subfield>
    <subfield code="x">0153-0313</subfield>
  </datafield>
  <datafield tag="856" ind1="4" ind2=" ">
    <subfield code="s">573383</subfield>
    <subfield code="u">http://zaguan.unizar.es/record/135728/files/texto_completo.pdf</subfield>
    <subfield code="y">Versión publicada</subfield>
  </datafield>
  <datafield tag="856" ind1="4" ind2=" ">
    <subfield code="s">1897713</subfield>
    <subfield code="u">http://zaguan.unizar.es/record/135728/files/texto_completo.jpg?subformat=icon</subfield>
    <subfield code="x">icon</subfield>
    <subfield code="y">Versión publicada</subfield>
  </datafield>
  <datafield tag="909" ind1="C" ind2="O">
    <subfield code="o">oai:zaguan.unizar.es:135728</subfield>
    <subfield code="p">articulos</subfield>
    <subfield code="p">driver</subfield>
  </datafield>
  <datafield tag="951" ind1=" " ind2=" ">
    <subfield code="a">2024-06-14-08:58:55</subfield>
  </datafield>
  <datafield tag="980" ind1=" " ind2=" ">
    <subfield code="a">ARTICLE</subfield>
  </datafield>
</record>
</collection>